000 00952nam a22002417a 4500
005 20180804173206.0
010 _a1516EN07 ENG-116646
020 _a9789351941071
_c295.00
020 _a9789351941071
_c395.00 (AV)
035 _aB-603803-825
035 _aB-667421 B-603813
035 _aEN-100178
037 _adpl
_bAakar
082 _a841
100 _aRussell, Ralph
245 _aThe famous Ghalib: the sound of my moving pen /
_cby Ralph Russell
250 _a2nd ed.
260 _bMarion Molteno( Roli Books)
_c2015
300 _a232p.
_c18cm(pbk)
942 _2ddc
_cEN
_h841
_mRUS
999 _c96451
_d96451